Leftism in India 1917–1947 (Record no. 395333)

MARC details
000 -LEADER
fixed length control field 00497 a2200193 4500
005 - DATE & TIME
control field 20260319101103.0
008 - FIXED-LENGTH DATA ELEMENTS--GENERAL INFORMATION
fixed length control field 260318b |||||||| |||| 00| 0 eng d
020 ## - ISBN
International Standard Book Number 9781041195351
Price Rs. 1595.00
040 ## - CATALOGING SOURCE
Original cataloging agency VIVEKANANDA LIBRARY
082 ## - DDC NUMBER
Classification number 329.54
Book Number C459L
100 ## - MAIN ENTRY--PERSONAL NAME
Personal name Chowdhuri, Satyabrata Rai
245 ## - TITLE STATEMENT
Title Leftism in India 1917–1947
260 ## - PUBLICATION, DISTRIBUTION, ETC. (IMPRINT)
Name of publisher, distributor, etc Routledge
Date of publication, distribution, etc 2026
Place of publication, distribution, etc Abingdon
300 ## - PHYSICAL DESCRIPTION
Pages xx, 283
650 ## - Subject
Subject Socialism
650 ## - Subject
Subject Political Science
650 ## - Subject
Subject Indian Politics
942 ## - ADDED ENTRY ELEMENTS (KOHA)
Koha item type Books
Holdings
Withdrawn status Lost status Source of classification or shelving scheme Damaged status Not for loan Location (home branch) Sublocation or collection (holding branch) Shelving location Date acquired Koha issues (times borrowed) Koha full call number Accession No. Koha date last seen Koha item type
    Dewey Decimal Classification     VIVEKANANDA LIBRARY VIVEKANANDA LIBRARY Vivekananda Library 28/01/2026 1 329.54 C459L 444735 06/04/2026 Books
© Designed and Maintained by Vivekananda Library, MDU Rohtak